000 01182nam a2200277 a 4500
001 24777
003 CO-ViMGA
005 20230915232017.0
008 141112s2004 ck r 000 u spa d
015 _ack - 2009 - xxxx
040 _aCO-ViMGA
_bspa
_cCO-ViMGA
041 _aspa braille
043 _as - ck - - -
082 0 4 _a344.0218 D47d
245 1 0 _aDiscapacidad y derecho al trabajo [texto en braille] /
_ccoordinadores César Rodríguez Garavito, Laura Rico Gutiérrez de Piñeres ; investigadores Juan Pablo Mosquera Fernández, Luis Eduardo Pérez Murcia, Edna Yiced Martínez.
260 _aBogotá :
_bUniversidad de los Andes :
_bDefensoría del Pueblo,
_c[2009].
300 _a75 p. ; 30 cm.
490 _aColección estudios Cijus
490 _aEstudios CIJUS
500 _aLibro en español y braille.
650 1 4 _aTrabajo de personas con discapacidades - Legislación - Colombia.
_937005
700 1 _aRodríguez Garavito, César A., coord.
_937006
852 _17648, 30
942 _2ddc
_cBK
949 _ac n
999 _c32579
_d32579